El delito de estafa

Bibliographic Details
Main Author: Balmaceda Hoyos, Gustavo
Other Authors: Fajardo Vanegas, Juan Sebastiǹ
Format: eBook
Language:Spanish
Published: Bogot:̀ Universidad de Los Andes (Colombia), 2016
Subjects:
Online Access:Acceso restringido

MARC

LEADER 00000nam a22000007a 4500
005 20190418220353.0
007 cr|||| ||||
008 190418s2016 co |||||s|||| 00||0 spa d
020 |a 978-958-749-628-4 
035 |a 23323 
040 |a vLex 
090 |c 8673  |d 8673 
100 1 |a Balmaceda Hoyos, Gustavo 
245 1 2 |a El delito de estafa  |h [Recurso electrn̤ico] /  |c Gustavo Balmaceda Hoyos, Juan Sebastiǹ Fajardo Vanegas 
256 |a Servicio en ln̕ea 
260 |a Bogot:̀  |b Universidad de Los Andes (Colombia),  |c 2016 
300 |a 1 recurso electrn̤ico 
500 |a La estafa en un delito problemt̀ico. La discusin̤ reside esencialmente en interpretar la estafa como un ilc̕ito que requiere una calificacin̤ del engaǫ y alguna diligencia por parte de la vc̕tima. El delito de estafa se ocupa n︢icamente del estudio de la estructura del tipo bs̀ico de estafa, pues la modalidad de estafa en lotera̕, rifa o juego de azar, as ̕como las causales de agravacin̤ punitiva de la estafa, es un tema tan amplio que se requiere otro libro para cubrirlo. El objetivo general de este trabajo consiste en someter a examen el rendimiento de la Tesis Naturals̕tica de la mayora̕ de la doctrina y la jurisprudencia colombianas y forǹeas sobre la Teora̕ General de la estafa y proponer una normativizacin̤ de los elementos de este delito, con el props̤ito de obtener mťodos preventivos generales ms̀ eficientes, a la luz de la realidad jurd̕ico-social contemporǹea. El objetivo general se desarrolla por medio de los siguientes objetivos especf̕icos: (a) recopilar, sistematizar y valorar la jurisprudencia sobre el delito de estafa existente desde el 2000 hasta el 2014 de la Sala de Casacin̤ Penal de la Corte Suprema de Justicia y (b) analizar la literatura jurd̕ica ms̀ importante existente en castellano, italiano y alemǹ relativa al delito de estafa con el props̤ito de identificar y sistematizar la normativizacin̤ de los diferentes elementos de la estafa. 
506 1 |a Disponible solo en los productos indicados  |d vLex Global  |d vLex Global (Academic Edition, excluding Law Schools)  |d vLex Global (U.S. Academic Edition, Law Schools)  |d vLex Global (U.S. Academic Edition, excluding Law Schools)  |d vLex Global (Academic Edition, Law Schools) 
650 0 4 |a Derecho Penal  |z Colombia 
700 1 |a Fajardo Vanegas, Juan Sebastiǹ 
740 0 |a vLex Libros (Servicio en ln̕ea) 
856 4 0 |u http://vlex.com/source/delito-de-estafa-23323  |z Acceso restringido 
942 |c BOOK 
999 0 |a Criminal law